| Поле | Инд. | ПП | Название | Значение |
|---|---|---|---|---|
| Тип записи | a | |||
| Библиографический уровень | m | |||
| 001 | Контрольный номер | RU/LIBMSTU/337794974 | ||
| 005 | Дата корректировки | 20140505131330.1 | ||
| 008 | Кодируемые данные | 100916|||||||||ru |||||||||||000|||rus|| | ||
| 020 | a | ISBN | 978-5-93295-553-6 | |
| c | Цена, тираж | 270-00 | ||
| 040 | b | Код языка каталог. | rus | |
| 041 | a | Код языка текста | rus | |
| 084 | a | Индекс другой классификации/Индекс ББК | 67.53 | |
| 090 | a | Полочн. индекс | 67.53 | |
| x | Авторский знак | И 21 | ||
| 100 | a | Автор | Иванова Е. В. | |
| 245 | 10 | a | Заглавие | Судебные экспертизы веществ и материалов |
| 260 | a | Место издания | Москва | |
| b | Издательство | Юрлитинформ | ||
| c | Дата издания | 2009 | ||
| 300 | a | Объем | 271 с. | |
| 440 | a | Серия | Судебные экспертизы | |
| 504 | a | Библиография | Библиогр.: с. 244-262 | |
| 650 | a | Основная рубрика | Судебная экспертиза | |
| 653 | a | Ключевые слова | Доказательства | |
| a | Ключевые слова | Исследования | ||
| a | Ключевые слова | Судебная экспертиза | ||
| a | Ключевые слова | Судебные экспертизы веществ | ||
| a | Ключевые слова | Судебные экспертизы материалов | ||
| a | Ключевые слова | Судопроизводство | ||
| 901 | t | Тип документа | m |